000 00905nam a22002297a 4500
005 20081106140443.0
008 081106t xxu||||| |||| 00| 0 ur d
010 _aUR-7382
020 _a8187231882
_c280۔00
035 _aU-5937
037 _bD.B.Act / Pub
100 _aانيس
245 _aوہ بھی ايک زمانہ تھا
_cانيس
_bفلمی شخصيا ت
246 _aWoh Bhi EK Zamana Tha
_bby Anees Amrohvi
260 _aدھلی
_bتخليق کار پبليشرز
_c2007
270 _a104/B-Yawar Manzil,I Block ,Laxmi Nagar
_bدھلی
_e1100092
_k01165295989
_mqissey@rediffmail.com
300 _a318p
_c22cm (Pbk)
650 _aFilm Personalities
650 _aفلمی شخصيا ت
942 _adpl
_cUR
_2ddc
_h920
_mا ن ی
999 _c5609
_d5609